Quick Pick: Presidents of France Quiz Stats

 Plays Quiz Updated Jun 28, 2017

Support Sporcle.
Go Orange.
Score 0/8 Timer 01:00
0 Plays Today
% Correct
Charles de Gaulle
86.7%
Emmanuel Macron
84.6%
François Hollande
74.5%
Nicolas Sarkozy
73.7%
Jacques Chirac
71.8%
François Mitterrand
70.8%
Georges Pompidou
65%
Valéry Giscard d'Estaing
62.6%

Today's Daily Dose

You're not logged in!

Compare scores with friends on all Sporcle quizzes.
OR
Log In
Forgot?

From the Vault

Lead Singers

by Derek

You know the songs, the albums, and possibly the groupies, but do you know the lead singers for these famous bands?
Remove Ads.
Support Sporcle.
Get the best of Sporcle when you Go Orange. This ad-free experience offers more features, more stats, and more fun while also helping to support Sporcle. Thank you for becoming a member.

Show Comments

Extras

Top Quizzes Today


Score Distribution

Your Account Isn't Verified!

In order to create a playlist on Sporcle, you need to verify the email address you used during registration. Go to your Sporcle Settings to finish the process.

Report this User

Report this user for behavior that violates our Community Guidelines.

Details: